00249nam a2200097Ia 4500008004100000020001800041100002100059245004800080250000600128260001700134200302s9999 xx 000 0 und d a9788184484397 aDevendra K Gupta 0aPediatric Surgery (Diagnosis and management a4 bJaypeec2009